Music Quiz

Random Music or Song Quiz

Phantom of the Opera Songs Quiz Stats

 Plays Quiz not verified by Sporcle

Challenge
Share
Tweet
Embed
Score 0/21 Timer 06:00
0 Plays Today
Singer(s) Song % Correct
Phantom and ChristineThe Phantom Of The Opera
95.8%
PhantomThe Music Of The Night
89%
Carlotta, Christine, and RaoulThink Of Me
85.7%
Raoul and ChristineAll I Ask Of You
85.6%
Christine and MegAngel Of Music
84.3%
Full CompanyMasquerade, Why So Silent?
78.1%
Firmin, Andre, Raoul, Carlotta,Giry, Meg, and PhantomNotes, Prima Donna
75%
Phantom and ChristineThe Point Of No Return
73.2%
ChristineWishing You Were Somehow Here Again
63.6%
OrchestraOverture
60%
Raoul, Christine, and the PhantomLittle Lotte, The Mirror (Angel Of Music)
56.9%
Singer(s) Song % Correct
Full CompanyDown Once More, Track Down This Murderer
52.7%
Andre, Firmin, Carlotta, Piangi, Raoul, Christine, Giry, and PhantomNotes, Twisted Every Way
52.1%
PhantomAll I Ask of You Reprise
47.9%
Christine and PhantomI Remember, Stranger Than You Dreamt It
41.7%
Raoul and ChristineWhy Have You Brought Me Here, Raoul I've Been There
36%
Carlotta, Chorus MembersPoor Fool, He Makes Me Laugh
35.7%
Auctioneer, Porter, and RaoulPrologue
33.2%
Buquet, Meg, Giry, and Ballet ChorusMagical Lasso
32.9%
Phantom, Raoul, ChristineWandering Child, Bravo Monsieur
30.4%
OrchestraEntr'acte
26%

You're not logged in!

Compare scores with friends on all Sporcle quizzes.
Join for Free
OR
Log In

You Might Also Like...

Show Comments

Extras

Top Quizzes Today


Score Distribution

Your Account Isn't Verified!

In order to create a playlist on Sporcle, you need to verify the email address you used during registration. Go to your Sporcle Settings to finish the process.

Report this User

Report this user for behavior that violates our Community Guidelines.

Details: